|
|
|
|
| LEADER |
00000nab a2200000 a 4500 |
| 001 |
vtls000866244 |
| 003 |
SK-MaSNL |
| 005 |
20260426063723.0 |
| 008 |
140422c2004 xo 0 slo |
| 015 |
|
|
|a SNBRB2004/03-08535
|
| 035 |
|
|
|a CLN000217796
|
| 040 |
|
|
|a SNKBUCL
|b slo
|c SNKBUCL
|e AACR2
|
| 041 |
0 |
|
|a slo
|
| 044 |
|
|
|a xo
|c SK
|
| 080 |
|
|
|a 792.54
|2 1997
|
| 100 |
1 |
|
|a Čavojský, Ladislav,
|d 1932-2014
|4 aut
|9 101804
|
| 245 |
1 |
0 |
|a Macbeth ako oratórium
|c Ladislav Čavojský
|
| 300 |
|
|
|b Fotogr.
|
| 600 |
1 |
7 |
|a Shakespeare, William,
|d 1564-1616
|t Macbeth
|2 snkbucl
|9 14265
|
| 610 |
|
7 |
|a Slovenské národné divadlo.
|b Opera
|2 snkbucl
|9 65024
|
| 651 |
|
7 |
|a Bratislava (Slovensko)
|2 snkbucl
|9 14568
|
| 655 |
|
7 |
|a články z novín a časopisov
|2 snkbucl
|9 267496
|
| 773 |
0 |
|
|t Literárny (dvoj)týždenník
|g Roč. XVII, č. 4-5 (2004), s. 15
|x 0862-5999
|
| 850 |
|
|
|a Slovenská národná knižnica v Martine
|
| 852 |
|
|
|a SNK
|b KIS3GCP
|
| 958 |
|
|
|a RC
|
| 992 |
|
|
|a RBX
|
| 999 |
|
|
|c 2562413
|d 2564343
|